[Event "European Online Club-ch-A 2021"]
[Site "Online"]
[Date "2021.03.27"]
[Round "8.5"]
[White "Rapport, Richard"]
[Black "Celik, Hasan Huseyin"]
[Result "1-0"]
[WhiteElo "2763"]
[BlackElo "2173"]
[Annotator "TA"]
[PlyCount "75"]
[EventDate "2021.03.27"]
[EventType "team-tourn"]
[EventCountry "NET"]
[SourceTitle "playchess.com"]
[Source "ChessBase"]
[SourceQuality "1"]

{[%evp 22,75,45,45,55,45,62,43,97,97,98,97,100,88,121,80,77,79,79,80,73,0,0,-5,80,89,85,89,79,86,335,333,312,221,433,435,531,522,560,560,561,561,1220,2155,1836,1806,1626,1539,1382,1260,1144,541,5556,5464,2034,1890]} 1. c4 c6 2. e4 d5 3. exd5 cxd5 4. d4 Nc6 5. cxd5 Qxd5 6. Nf3 e6 7. Nc3 Qd8 8. Bc4 Nf6 9. O-O Be7 10. Re1 O-O 11. a3 Nd5 12. Qd3 Nxc3 {E54: Nimzo-Indian: Rubinstein: Main Line: 7...dxc4 8 Bxc4.} 13. bxc3 b6 14. h4 Na5 {[#]} ({Black should try} 14... Bb7 $14) 15. Ba2 $1 $16 Bb7 {[#]} 16. Ng5 $1 Bxg5 17. Bxg5 {[#]} Qc7 $146 ({Predecessor:} 17... Qd6 18. Bb1 f5 19. Ba2 Rae8 20. f3 h6 21. Be3 Kh8 22. Bf2 a6 23. c4 b5 24. cxb5 Bd5 25. bxa6 {1-0 (43) Dinstuhl,V (2410)-Trzaska,P (2206) Essen Borbeck 1999}) 18. Bb1 $40 {[%csl Gb1][%cal Rd3h7][%mdl 128] White is out for blood.} g6 19. h5 {[%cal Rh5g6]} Rac8 20. hxg6 hxg6 21. Bf6 ({Better is} 21. Qd1 $16) 21... Qf4 $1 $11 {[%cal Rf4f6]} 22. Be5 {[%cal Re5f4]} Qg5 (22... Qg4 $11 {remains equal.} 23. f3 Qh4) 23. Qh3 $16 {[%csl Ge5][%cal Rh3h8]} f6 24. Qxe6+ Kg7 {[%csl Gb7][%cal Rg5g2]} 25. Bg3 {Threatens to win with Ba2.} Rxc3 $2 {This costs Black the game.} (25... Qd5 $16 26. Qh3 Rxc3) 26. Ba2 $18 {Qe7+ would kill now.} Rc7 27. d5 Rcf7 (27... Bc8 {was necessary.} 28. Qe2 (28. Bxc7 Bxe6 29. dxe6 Nc6 $11) 28... Rd7) 28. Rac1 {White is clearly winning.} Qd2 29. d6 Nc6 {If only Black now had time for ...Nd4....} 30. Rcd1 Qb2 31. d7 {Black must now prevent Bd6.} Re7 32. Qxe7+ Nxe7 33. Rxe7+ Kh6 {[#]} 34. Re8 $1 Bc6 {[#]} 35. d8=Q $1 Rxe8 36. Qd6 (36. Bf4+ $142 g5 37. Qd6) 36... Ba4 37. Qf4+ {[%mdl 64] Double Attack} g5 38. Qxa4 {[%mdl 64] Double Attack.  Weighted Error Value: White=0.33/Black=0.44} 1-0

[Event "European Online Club-ch-A 2021"]
[Site "Online"]
[Date "2021.03.27"]
[Round "8.6"]
[White "Durak, Can"]
[Black "Bacrot, Etienne"]
[Result "0-1"]
[WhiteElo "2187"]
[BlackElo "2678"]
[Annotator "ChessBase"]
[PlyCount "92"]
[EventDate "2021.03.27"]
[EventType "team-tourn"]
[EventCountry "NET"]
[SourceTitle "playchess.com"]
[Source "ChessBase"]
[SourceQuality "1"]
[TimeControl "900+5"]

1. d4 {[%emt 0:00:00]} Nf6 {[%emt 0:00:04]} 2. c4 {[%emt 0:00:03]} e6 {[%emt 0:00:01]} 3. Nc3 {[%emt 0:00:03]} Bb4 {[%emt 0:00:02]} 4. e3 {[%emt 0:00:02]} b6 {[%emt 0:00:02]} 5. Bd2 {[%emt 0:00:02]} Bb7 {[%emt 0:00:02]} 6. Nf3 {[%emt 0:00:02]} O-O {[%emt 0:00:03]} 7. Rc1 {[%emt 0:00:02]} d5 {[%emt 0:00:07]} 8. cxd5 {[%emt 0:00:05]} exd5 {[%emt 0:00:02]} 9. Be2 {[%emt 0:00:02]} Nbd7 {[%emt 0:00:10]} 10. O-O {[%emt 0:00:07]} a6 {[%emt 0:00:03]} 11. Ne5 {[%emt 0:00:03]} Bd6 {[%emt 0:00:10]} 12. f4 {[%emt 0:00:03]} c5 {[%emt 0:00:02]} 13. Bf3 {[%emt 0:00:29]} b5 {[%emt 0:00:02]} 14. Be1 {[%emt 0:00:08]} cxd4 {[%emt 0:00:05]} 15. exd4 {[%emt 0:00:11]} Ne4 {[%emt 0:00:04]} 16. Qb3 {[%emt 0:00:37]} Nb6 {[%emt 0:00:19]} 17. Ne2 {[%emt 0:00:31]} Qe7 {[%emt 0:00:56]} 18. Ng3 {[%emt 0:00:57]} g6 {[%emt 0:00:35]} 19. Rc2 {[%emt 0:00:41]} Nc4 {[%emt 0:02:04]} 20. Re2 {[%emt 0:00:06]} f5 {[%emt 0:00:17]} 21. a3 {[%emt 0:00:38]} Rac8 {[%emt 0:00:20]} 22. Bb4 {[%emt 0:00:08]} Kg7 {[%emt 0:00:05]} 23. Bxd6 {[%emt 0:00:18]} Qxd6 {[%emt 0:00:06]} 24. Qb4 {[%emt 0:00:12]} Qxb4 {[%emt 0:00:07]} 25. axb4 {[%emt 0:00:04]} Nxe5 {[%emt 0:00:41]} 26. dxe5 {[%emt 0:00:24]} Kf7 {[%emt 0:01:55]} 27. Bxe4 {[%emt 0:00:09]} fxe4 {[%emt 0:00:09]} 28. f5 {[%emt 0:00:03]} gxf5 {[%emt 0:00:02]} 29. Rxf5+ {[%emt 0:04:15]} Ke6 {[%emt 0:00:47]} 30. Rxf8 {[%emt 0:00:08]} Rxf8 {[%emt 0:00:02]} 31. Rf2 {[%emt 0:00:25]} Rxf2 {[%emt 0:00:09]} 32. Kxf2 {[%emt 0:00:02]} Kxe5 {[%emt 0:00:02]} 33. Ne2 {[%emt 0:00:04]} d4 {[%emt 0:00:01]} 34. Nc1 {[%emt 0:00:04]} e3+ {[%emt 0:00:07]} 35. Ke2 {[%emt 0:00:02]} Bxg2 {[%emt 0:00:05]} 36. Nd3+ {[%emt 0:00:02]} Kf5 {[%emt 0:00:09]} 37. Nc5 {[%emt 0:00:02]} Be4 {[%emt 0:00:09]} 38. h3 {[%emt 0:00:18]} Bd5 {[%emt 0:00:25]} 39. Nxa6 {[%emt 0:00:15]} Kf4 {[%emt 0:00:11]} 40. Nc5 {[%emt 0:00:10]} Bc4+ {[%emt 0:00:04]} 41. Ke1 {[%emt 0:00:05]} d3 {[%emt 0:00:10]} 42. b3 {[%emt 0:00:01]} d2+ {[%emt 0:00:06]} 43. Kd1 {[%emt 0:00:03]} Bf7 {[%emt 0:00:05]} 44. Nd3+ {[%emt 0:00:20]} Kg3 {[%emt 0:00:02]} 45. Nb2 {[%emt 0:00:08]} Bxb3+ {[%emt 0:00:03]} 46. Ke2 {[%emt 0:00:03]} d1=Q+ {[%emt 0:00:07]} 0-1

[Event "European Online Club-ch-A 2021"]
[Site "Online"]
[Date "2021.03.27"]
[Round "8.8"]
[White "Tinmaz, Kerem"]
[Black "Naiditsch, Arkadij"]
[Result "0-1"]
[WhiteElo "1614"]
[BlackElo "2649"]
[Annotator "ChessBase"]
[PlyCount "76"]
[EventDate "2021.03.27"]
[EventType "team-tourn"]
[EventCountry "NET"]
[SourceTitle "playchess.com"]
[Source "ChessBase"]
[SourceQuality "1"]
[TimeControl "900+5"]

1. e4 {[%emt 0:00:00]} c5 {[%emt 0:00:03]} 2. Nf3 {[%emt 0:00:03]} Nc6 {[%emt 0:00:01]} 3. d4 {[%emt 0:00:02]} cxd4 {[%emt 0:00:01]} 4. Nxd4 {[%emt 0:00:02]} Qb6 {[%emt 0:00:01]} 5. Nb3 {[%emt 0:00:01]} Nf6 {[%emt 0:00:02]} 6. Nc3 {[%emt 0:00:01]} e6 {[%emt 0:00:02]} 7. Qe2 {[%emt 0:00:02]} Bb4 {[%emt 0:00:03]} 8. Bd2 {[%emt 0:00:03]} a5 {[%emt 0:00:03]} 9. a3 {[%emt 0:00:05]} Bxc3 {[%emt 0:00:02]} 10. Bxc3 {[%emt 0:00:01]} e5 {[%emt 0:00:01]} 11. O-O-O {[%emt 0:00:07]} O-O {[%emt 0:00:02]} 12. g4 {[%emt 0:00:02]} d6 {[%emt 0:01:17]} 13. g5 {[%emt 0:00:04]} Ne8 {[%emt 0:00:10]} 14. h4 {[%emt 0:00:03]} Be6 {[%emt 0:00:05]} 15. h5 {[%emt 0:00:02]} Nb4 {[%emt 0:01:19]} 16. axb4 {[%emt 0:08:09]} axb4 {[%emt 0:00:03]} 17. Qb5 {[%emt 0:00:52]} Qxb5 {[%emt 0:00:19]} 18. Bxb5 {[%emt 0:00:04]} bxc3 {[%emt 0:00:04]} 19. bxc3 {[%emt 0:01:50]} Nc7 {[%emt 0:00:04]} 20. Bd3 {[%emt 0:00:21]} Ra2 {[%emt 0:00:14]} 21. f3 {[%emt 0:00:52]} Rfa8 {[%emt 0:00:20]} 22. c4 {[%emt 0:00:25]} Kf8 {[%emt 0:00:02]} 23. Kd2 {[%emt 0:00:10]} b5 {[%emt 0:00:05]} 24. Nc1 {[%emt 0:00:51]} R2a5 {[%emt 0:00:17]} 25. cxb5 {[%emt 0:00:04]} Nxb5 {[%emt 0:00:04]} 26. Bxb5 {[%emt 0:00:33]} Rxb5 {[%emt 0:00:00]} 27. Nd3 {[%emt 0:00:02]} h6 {[%emt 0:00:02]} 28. gxh6 {[%emt 0:00:11]} gxh6 {[%emt 0:00:00]} 29. Rb1 {[%emt 0:00:21]} Rxb1 {[%emt 0:00:03]} 30. Rxb1 {[%emt 0:00:02]} Ke7 {[%emt 0:00:01]} 31. Rg1 {[%emt 0:00:46]} Bc4 {[%emt 0:00:40]} 32. Ke3 {[%emt 0:00:15]} Ra2 {[%emt 0:00:16]} 33. Rg2 {[%emt 0:00:34]} Ra1 {[%emt 0:00:09]} 34. f4 {[%emt 0:00:19]} Bxd3 {[%emt 0:00:16]} 35. cxd3 {[%emt 0:00:13]} Rh1 {[%emt 0:00:01]} 36. fxe5 {[%emt 0:00:09]} dxe5 {[%emt 0:00:00]} 37. Ra2 {[%emt 0:00:16]} Rh3+ {[%emt 0:00:05]} 38. Kd2 {[%emt 0:00:07]} Rh2+ {[%emt 0:00:02]} 0-1

[Event "European Online Club-ch-A 2021"]
[Site "Online"]
[Date "2021.03.27"]
[Round "8.9"]
[White "Artemiev, Vladislav"]
[Black "Valdes Escobar, Alvaro"]
[Result "1-0"]
[WhiteElo "2709"]
[BlackElo "2355"]
[Annotator "TA"]
[PlyCount "99"]
[EventDate "2021.03.27"]
[EventType "team-tourn"]
[EventCountry "NET"]
[SourceTitle "playchess.com"]
[Source "ChessBase"]
[SourceQuality "1"]

{[%evp 10,99,8,6,55,55,47,54,62,52,57,26,15,18,31,31,62,10,16,15,61,37,103,103,89,41,46,50,59,56,81,64,133,133,124,127,122,125,174,165,146,126,131,122,125,122,144,141,164,164,152,132,148,144,154,139,160,153,214,218,238,242,247,233,240,244,247,206,264,254,281,300,597,581,554,538,1022,873,2085,1058,2066,1748,1749,1731,29973,29972,29961,29964,29936,4945,4930,4930]} 1. Nf3 Nf6 2. c4 c5 3. Nc3 e6 4. e3 b6 5. d4 cxd4 6. exd4 d6 {E14: Queen's Indian: Classical Variation (4 e3).} 7. Bd3 Be7 8. O-O Nbd7 {White is slightly better.} 9. Bf4 a6 10. Ne4 Nxe4 11. Bxe4 {[#]} Ra7 $146 ({Predecessor:} 11... Rb8 12. Re1 O-O 13. Qe2 Nf6 14. Bd3 Bb7 15. Rad1 Qc7 16. h3 Kh8 17. b4 h6 {1-0 (30) Savickiene,V (2007)-Juciute,E (1792) Vilnius 2008}) 12. Re1 Nf6 13. Bc6+ (13. Bc2 $14) 13... Bd7 $11 14. Bxd7+ Qxd7 15. Qb3 $36 {[%mdl 2048] White is more active.} Rb7 {[#]} (15... b5 $14) 16. d5 $1 $16 exd5 17. cxd5 O-O 18. Nd4 Qg4 19. g3 Re8 20. Qa4 Qd7 ({Better is} 20... Rd7 $14) 21. Qxa6 Nxd5 {[#]} 22. Bxd6 {[%mdl 512] And now Nb5 would win.} Ra7 23. Qb5 Qxb5 24. Nxb5 Rd7 {[#]} 25. Rad1 $1 Nf6 {Threatens to win with ...Bxd6.} 26. Bxe7 Rexe7 27. Kf1 h5 28. Nc3 Rxd1 29. Rxd1 {[%mdl 4096] Endgame KRN-KRN} Re6 30. Rd4 g6 31. f3 Kg7 32. Kf2 Rc6 33. a4 g5 (33... Kf8 $16 34. Ke3 Ke7) 34. Ke3 Re6+ 35. Kd2 g4 36. f4 h4 37. b4 hxg3 38. hxg3 Rc6 39. Kd3 Nh5 40. f5 Kf6 $2 (40... Nf6 {is a better defense.} 41. a5 bxa5) 41. b5 $18 Rc8 42. Nd5+ {[%mdl 64] Double Attack} Ke5 {intending ...Rd8.} 43. Nxb6 Rg8 44. Nd7+ Kxf5 45. b6 Nxg3 46. b7 Nf1 47. b8=Q Rxb8 48. Nxb8 g3 49. Ke2 g2 50. Kf2 {Weighted Error Value: White=0.07/Black=0.44} 1-0

[Event "European Online Club-ch-A 2021"]
[Site "Online"]
[Date "2021.03.27"]
[Round "8.10"]
[White "Fitzsimons, David"]
[Black "Kamsky, Gata"]
[Result "0-1"]
[WhiteElo "2324"]
[BlackElo "2665"]
[Annotator "ChessBase"]
[PlyCount "74"]
[EventDate "2021.03.27"]
[EventType "team-tourn"]
[EventCountry "NET"]
[SourceTitle "playchess.com"]
[Source "ChessBase"]
[SourceQuality "1"]
[TimeControl "900+5"]

1. e4 {[%emt 0:00:00]} c5 {[%emt 0:00:34]} 2. Nc3 {[%emt 0:00:05]} Nc6 {[%emt 0:00:02]} 3. Bb5 {[%emt 0:00:04]} Nd4 {[%emt 0:00:04]} 4. Nf3 {[%emt 0:00:02]} g6 {[%emt 0:00:44]} 5. Bc4 {[%emt 0:00:04]} Bg7 {[%emt 0:00:34]} 6. Nxd4 {[%emt 0:00:03]} cxd4 {[%emt 0:00:07]} 7. Qf3 {[%emt 0:00:02]} Nh6 {[%emt 0:00:49]} 8. Ne2 {[%emt 0:00:04]} O-O {[%emt 0:01:09]} 9. d3 {[%emt 0:00:02]} Ng4 {[%emt 0:00:27]} 10. Bb3 {[%emt 0:00:04]} d6 {[%emt 0:00:35]} 11. Qg3 {[%emt 0:00:05]} a5 {[%emt 0:00:46]} 12. a4 {[%emt 0:00:04]} Bd7 {[%emt 0:00:40]} 13. h3 {[%emt 0:00:51]} Nf6 {[%emt 0:00:04]} 14. Nxd4 {[%emt 0:00:21]} Nxe4 {[%emt 0:00:59]} 15. dxe4 {[%emt 0:00:02]} Bxd4 {[%emt 0:00:02]} 16. h4 {[%emt 0:00:01]} Be6 {[%emt 0:00:18]} 17. Bxe6 {[%emt 0:00:44]} fxe6 {[%emt 0:00:04]} 18. O-O {[%emt 0:00:22]} Qb6 {[%emt 0:00:24]} 19. c3 {[%emt 0:00:17]} Bg7 {[%emt 0:00:11]} 20. h5 {[%emt 0:00:09]} gxh5 {[%emt 0:00:07]} 21. Be3 {[%emt 0:01:39]} Qc6 {[%emt 0:00:11]} 22. f3 {[%emt 0:00:47]} Qe8 {[%emt 0:00:03]} 23. Ra3 {[%emt 0:01:23]} b5 {[%emt 0:00:26]} 24. Bh6 {[%emt 0:01:59]} Rf7 {[%emt 0:00:07]} 25. e5 {[%emt 0:01:19]} Kh8 {[%emt 0:00:13]} 26. Bf4 {[%emt 0:00:04]} Qf8 {[%emt 0:01:02]} 27. exd6 {[%emt 0:00:03]} Rxf4 {[%emt 0:00:20]} 28. dxe7 {[%emt 0:00:03]} Qf6 {[%emt 0:00:30]} 29. Rd1 {[%emt 0:00:03]} e5 {[%emt 0:00:19]} 30. axb5 {[%emt 0:00:40]} Qxe7 {[%emt 0:00:09]} 31. b4 {[%emt 0:00:15]} a4 {[%emt 0:00:30]} 32. Qh3 {[%emt 0:00:43]} e4 {[%emt 0:00:17]} 33. fxe4 {[%emt 0:00:04]} Qxe4 {[%emt 0:00:29]} 34. Qxh5 {[%emt 0:00:19]} Qe3+ {[%emt 0:00:20]} 35. Kh1 {[%emt 0:00:09]} Bf6 {[%emt 0:00:08]} 36. g4 {[%emt 0:02:22]} Qf3+ {[%emt 0:00:14]} 37. Kh2 {[%emt 0:00:06]} Qe2+ {[%emt 0:00:06]} 0-1

[Event "European Online Club-ch-A 2021"]
[Site "Online"]
[Date "2021.03.27"]
[Round "8.11"]
[White "Timofeev, Artyom"]
[Black "De Verdier, Michael"]
[Result "1-0"]
[WhiteElo "2594"]
[BlackElo "2291"]
[Annotator "ChessBase"]
[PlyCount "75"]
[EventDate "2021.03.27"]
[EventType "team-tourn"]
[EventCountry "NET"]
[SourceTitle "playchess.com"]
[Source "ChessBase"]
[SourceQuality "1"]
[TimeControl "900+5"]

1. d4 {[%emt 0:00:00]} d5 {[%emt 0:00:06]} 2. c4 {[%emt 0:00:03]} e6 {[%emt 0:00:02]} 3. Nc3 {[%emt 0:00:05]} Nf6 {[%emt 0:00:02]} 4. Bg5 {[%emt 0:00:05]} dxc4 {[%emt 0:00:01]} 5. e3 {[%emt 0:00:09]} a6 {[%emt 0:00:25]} 6. Bxc4 {[%emt 0:00:11]} b5 {[%emt 0:00:53]} 7. Be2 {[%emt 0:00:05]} Bb7 {[%emt 0:00:03]} 8. Bf3 {[%emt 0:00:03]} Ra7 {[%emt 0:00:23]} 9. Bxb7 {[%emt 0:00:11]} Rxb7 {[%emt 0:00:00]} 10. Qf3 {[%emt 0:00:02]} Rb6 {[%emt 0:00:07]} 11. Nge2 {[%emt 0:00:06]} Be7 {[%emt 0:00:31]} 12. Bxf6 {[%emt 0:00:17]} Bxf6 {[%emt 0:00:05]} 13. Ne4 {[%emt 0:00:02]} Nd7 {[%emt 0:00:29]} 14. Rc1 {[%emt 0:00:08]} O-O {[%emt 0:00:25]} 15. O-O {[%emt 0:00:03]} Be7 {[%emt 0:00:46]} 16. Nf4 {[%emt 0:00:07]} Qb8 {[%emt 0:02:04]} 17. Rc2 {[%emt 0:00:25]} Bd6 {[%emt 0:00:48]} 18. Rfc1 {[%emt 0:00:22]} b4 {[%emt 0:01:32]} 19. b3 {[%emt 0:00:07]} Rb5 {[%emt 0:00:58]} 20. Nd3 {[%emt 0:01:22]} e5 {[%emt 0:01:05]} 21. dxe5 {[%emt 0:01:36]} Nxe5 {[%emt 0:00:12]} 22. Nxe5 {[%emt 0:00:03]} Bxe5 {[%emt 0:00:30]} 23. g3 {[%emt 0:00:32]} Qb7 {[%emt 0:00:25]} 24. Kg2 {[%emt 0:00:07]} Rd8 {[%emt 0:00:13]} 25. Rc5 {[%emt 0:00:21]} f6 {[%emt 0:01:01]} 26. h4 {[%emt 0:00:27]} Rd5 {[%emt 0:00:28]} 27. Rc6 {[%emt 0:00:20]} Rd7 {[%emt 0:01:16]} 28. Nc5 {[%emt 0:00:53]} Rxc5 {[%emt 0:00:44]} 29. R1xc5 {[%emt 0:00:04]} Bd6 {[%emt 0:00:13]} 30. Qd5+ {[%emt 0:00:14]} Kf8 {[%emt 0:00:06]} 31. Rc4 {[%emt 0:00:17]} Ke7 {[%emt 0:00:08]} 32. Qg8 {[%emt 0:00:11]} g5 {[%emt 0:00:18]} 33. hxg5 {[%emt 0:00:05]} fxg5 {[%emt 0:00:02]} 34. Re4+ {[%emt 0:00:05]} Kf6 {[%emt 0:00:02]} 35. Re6+ {[%emt 0:00:16]} Kf5 {[%emt 0:00:04]} 36. e4+ {[%emt 0:00:02]} Kg4 {[%emt 0:00:03]} 37. f3+ {[%emt 0:00:01]} Kh5 {[%emt 0:00:04]} 38. Qe8+ {[%emt 0:00:01]} 1-0

[Event "European Online Club-ch-A 2021"]
[Site "Online"]
[Date "2021.03.27"]
[Round "8.12"]
[White "Czopor, Maciej"]
[Black "Sharafiev, Azat"]
[Result "1/2-1/2"]
[WhiteElo "2239"]
[BlackElo "2432"]
[Annotator "NA"]
[PlyCount "81"]
[EventDate "2021.03.27"]
[EventType "team-tourn"]
[EventCountry "NET"]
[SourceTitle "playchess.com"]
[Source "ChessBase"]
[SourceQuality "1"]
[TimeControl "900+5"]

1. e4 {[%emt 0:00:00]} c5 {[%emt 0:00:05]} 2. Nf3 {[%emt 0:00:02]} Nc6 {[%emt 0:00:02]} 3. d4 {[%emt 0:00:02]} cxd4 {[%emt 0:00:02]} 4. Nxd4 {[%emt 0:00:01]} g6 {[%emt 0:00:01]} 5. c4 {[%emt 0:00:04]} Nf6 {[%emt 0:00:03]} 6. Nc3 {[%emt 0:00:02]} Nxd4 {[%emt 0:00:01]} 7. Qxd4 {[%emt 0:00:01]} d6 {[%emt 0:00:01]} 8. Be2 {[%emt 0:00:08]} Bg7 {[%emt 0:00:02]} 9. Be3 {[%emt 0:00:02]} O-O {[%emt 0:00:03]} 10. Qd2 {[%emt 0:00:01]} Be6 {[%emt 0:00:02]} 11. O-O {[%emt 0:00:08]} a5 {[%emt 0:00:03]} 12. Rad1 {[%emt 0:01:27]} a4 {[%emt 0:00:05]} 13. Bd4 {[%emt 0:00:51]} Qa5 {[%emt 0:00:07]} 14. f4 {[%emt 0:00:37]} Rfc8 {[%emt 0:01:11]} 15. b3 {[%emt 0:00:03]} axb3 {[%emt 0:00:23]} 16. axb3 {[%emt 0:00:02]} Qb4 {[%emt 0:00:18]} 17. f5 {[%emt 0:04:59]} Bd7 {[%emt 0:00:09]} 18. Kh1 {[%emt 0:01:33]} Bc6 {[%emt 0:00:32]} 19. fxg6 {[%emt 0:01:12]} hxg6 {[%emt 0:00:03]} 20. Bxf6 {[%emt 0:00:33]} Bxf6 {[%emt 0:01:16]} 21. Nd5 {[%emt 0:00:06]} Qxd2 {[%emt 0:01:03]} 22. Nxf6+ {[%emt 0:00:02]} exf6 {[%emt 0:00:02]} 23. Rxd2 {[%emt 0:00:01]} Bxe4 {[%emt 0:00:03]} 24. Rxf6 {[%emt 0:00:59]} Ra1+ {[%emt 0:07:03]} 25. Rf1 {[%emt 0:00:46]} Rca8 {[%emt 0:00:02]} 26. Kg1 {[%emt 0:00:31]} R1a2 {[%emt 0:00:30]} 27. Rxa2 {[%emt 0:01:09]} Rxa2 {[%emt 0:00:02]} 28. Bf3 {[%emt 0:00:01]} d5 {[%emt 0:01:47]} 29. cxd5 {[%emt 0:00:16]} Bxf3 {[%emt 0:00:02]} 30. Rxf3 {[%emt 0:00:01]} Rd2 {[%emt 0:00:02]} 31. Rf6 {[%emt 0:00:42]} Rxd5 {[%emt 0:00:03]} 32. Rb6 {[%emt 0:00:01]} Rd7 {[%emt 0:00:01]} 33. Kf2 {[%emt 0:00:08]} Kg7 {[%emt 0:00:58]} 34. h4 {[%emt 0:00:24]} f5 {[%emt 0:00:22]} 35. Ke3 {[%emt 0:00:22]} Kh6 {[%emt 0:00:03]} 36. g3 {[%emt 0:00:14]} Kh5 {[%emt 0:00:06]} 37. Kf4 {[%emt 0:00:08]} Rd4+ {[%emt 0:00:33]} 38. Kf3 {[%emt 0:00:14]} Rd7 {[%emt 0:00:03]} 39. Kf4 {[%emt 0:00:03]} Rd4+ {[%emt 0:00:01]} 40. Kf3 {[%emt 0:00:01]} Rd7 {[%emt 0:00:02]} 41. Kf4 {[%emt 0:00:01]} 1/2-1/2

[Event "European Online Club-ch-A 2021"]
[Site "Online"]
[Date "2021.03.27"]
[Round "8.13"]
[White "Deac, Bogdan-Daniel"]
[Black "Zavgorodniy, Sergiy"]
[Result "1-0"]
[WhiteElo "2625"]
[BlackElo "2418"]
[Annotator "ChessBase"]
[PlyCount "51"]
[EventDate "2021.03.27"]
[EventType "team-tourn"]
[EventCountry "NET"]
[SourceTitle "playchess.com"]
[Source "ChessBase"]
[SourceQuality "1"]
[TimeControl "900+5"]

1. e4 {[%emt 0:00:00]} e5 {[%emt 0:00:03]} 2. Nf3 {[%emt 0:00:03]} d6 {[%emt 0:00:02]} 3. d4 {[%emt 0:00:01]} exd4 {[%emt 0:00:02]} 4. Nxd4 {[%emt 0:00:01]} Nf6 {[%emt 0:00:03]} 5. Nc3 {[%emt 0:00:01]} Be7 {[%emt 0:00:03]} 6. Bf4 {[%emt 0:00:02]} O-O {[%emt 0:00:05]} 7. Qd2 {[%emt 0:00:02]} c6 {[%emt 0:00:02]} 8. O-O-O {[%emt 0:00:02]} b5 {[%emt 0:00:03]} 9. f3 {[%emt 0:00:02]} b4 {[%emt 0:00:02]} 10. Na4 {[%emt 0:00:02]} c5 {[%emt 0:05:09]} 11. Nb5 {[%emt 0:02:27]} Nc6 {[%emt 0:00:04]} 12. Bxd6 {[%emt 0:02:50]} a6 {[%emt 0:05:58]} 13. Nc7 {[%emt 0:00:34]} Ra7 {[%emt 0:00:49]} 14. Bxe7 {[%emt 0:00:04]} Qxe7 {[%emt 0:00:07]} 15. Nd5 {[%emt 0:00:06]} Nxd5 {[%emt 0:00:41]} 16. Qxd5 {[%emt 0:05:54]} b3 {[%emt 0:00:04]} 17. axb3 {[%emt 0:01:38]} Nb4 {[%emt 0:00:20]} 18. Qxc5 {[%emt 0:00:02]} Qxc5 {[%emt 0:00:05]} 19. Nxc5 {[%emt 0:00:02]} Rc7 {[%emt 0:00:02]} 20. Rd4 {[%emt 0:00:05]} Na2+ {[%emt 0:00:23]} 21. Kb1 {[%emt 0:00:03]} Rxc5 {[%emt 0:00:02]} 22. Ra4 {[%emt 0:00:31]} f5 {[%emt 0:02:08]} 23. Bc4+ {[%emt 0:00:30]} Kh8 {[%emt 0:00:04]} 24. Re1 {[%emt 0:01:03]} fxe4 {[%emt 0:00:12]} 25. Rxe4 {[%emt 0:00:02]} Bf5 {[%emt 0:00:02]} 26. Re2 {[%emt 0:00:11]} 1-0

[Event "European Online Club-ch-A 2021"]
[Site "Online"]
[Date "2021.03.27"]
[Round "8.14"]
[White "Mitusov, Semen"]
[Black "Istratescu, Andrei"]
[Result "1/2-1/2"]
[WhiteElo "2297"]
[BlackElo "2553"]
[Annotator "ChessBase"]
[PlyCount "93"]
[EventDate "2021.03.27"]
[EventType "team-tourn"]
[EventCountry "NET"]
[SourceTitle "playchess.com"]
[Source "ChessBase"]
[SourceQuality "1"]
[TimeControl "900+5"]

1. e4 {[%emt 0:00:00]} c5 {[%emt 0:00:05]} 2. Nf3 {[%emt 0:00:03]} d6 {[%emt 0:00:02]} 3. c3 {[%emt 0:00:01]} Nf6 {[%emt 0:00:02]} 4. Bc4 {[%emt 0:00:15]} g6 {[%emt 0:00:27]} 5. e5 {[%emt 0:00:39]} dxe5 {[%emt 0:00:03]} 6. Nxe5 {[%emt 0:00:06]} e6 {[%emt 0:00:02]} 7. d4 {[%emt 0:00:21]} cxd4 {[%emt 0:00:02]} 8. cxd4 {[%emt 0:00:02]} Bg7 {[%emt 0:00:02]} 9. O-O {[%emt 0:00:25]} O-O {[%emt 0:00:03]} 10. Nc3 {[%emt 0:00:15]} Nc6 {[%emt 0:00:07]} 11. Be3 {[%emt 0:01:27]} Bd7 {[%emt 0:01:01]} 12. Qe2 {[%emt 0:00:46]} Ne7 {[%emt 0:00:17]} 13. Bg5 {[%emt 0:00:17]} h6 {[%emt 0:00:09]} 14. Bh4 {[%emt 0:00:10]} Nf5 {[%emt 0:00:05]} 15. Bxf6 {[%emt 0:00:44]} Bxf6 {[%emt 0:00:02]} 16. Rfd1 {[%emt 0:00:05]} Rc8 {[%emt 0:01:52]} 17. Bb3 {[%emt 0:00:55]} Qe7 {[%emt 0:01:48]} 18. d5 {[%emt 0:01:30]} Bxe5 {[%emt 0:00:28]} 19. Qxe5 {[%emt 0:00:19]} exd5 {[%emt 0:00:02]} 20. Qxe7 {[%emt 0:00:23]} Nxe7 {[%emt 0:00:03]} 21. Nxd5 {[%emt 0:00:03]} Nxd5 {[%emt 0:00:02]} 22. Rxd5 {[%emt 0:00:05]} Rc7 {[%emt 0:00:17]} 23. Re1 {[%emt 0:00:33]} Be6 {[%emt 0:00:08]} 24. Rb5 {[%emt 0:00:09]} Bxb3 {[%emt 0:00:02]} 25. Rxb3 {[%emt 0:00:05]} Rd8 {[%emt 0:00:04]} 26. g3 {[%emt 0:01:27]} Rd2 {[%emt 0:00:12]} 27. Re8+ {[%emt 0:00:38]} Kg7 {[%emt 0:00:05]} 28. Kg2 {[%emt 0:00:01]} b6 {[%emt 0:00:15]} 29. h4 {[%emt 0:00:10]} Rc6 {[%emt 0:00:07]} 30. Re7 {[%emt 0:01:45]} a5 {[%emt 0:00:16]} 31. Ree3 {[%emt 0:00:43]} Rcc2 {[%emt 0:00:23]} 32. Rf3 {[%emt 0:00:19]} Rxb2 {[%emt 0:00:03]} 33. Rbe3 {[%emt 0:00:19]} Rd7 {[%emt 0:00:10]} 34. a3 {[%emt 0:00:06]} b5 {[%emt 0:00:10]} 35. Re5 {[%emt 0:00:08]} Rb7 {[%emt 0:00:09]} 36. g4 {[%emt 0:00:20]} a4 {[%emt 0:00:06]} 37. g5 {[%emt 0:00:11]} Rc2 {[%emt 0:00:27]} 38. gxh6+ {[%emt 0:00:31]} Kxh6 {[%emt 0:00:03]} 39. h5 {[%emt 0:00:01]} Rc6 {[%emt 0:00:20]} 40. hxg6 {[%emt 0:00:13]} Rxg6+ {[%emt 0:00:02]} 41. Kf1 {[%emt 0:00:01]} Kg7 {[%emt 0:00:10]} 42. Rf4 {[%emt 0:00:08]} Rf6 {[%emt 0:00:33]} 43. Rg4+ {[%emt 0:00:31]} Kf8 {[%emt 0:00:09]} 44. Re3 {[%emt 0:00:12]} b4 {[%emt 0:00:14]} 45. axb4 {[%emt 0:00:19]} Rfb6 {[%emt 0:00:02]} 46. b5 {[%emt 0:00:01]} Rxb5 {[%emt 0:00:05]} 47. Rxa4 {[%emt 0:00:05]} 1/2-1/2